Human settlements in Asia : public policies and programmes /

Bibliographic Details
Main Author: Misra, R. P., 1930-
Other Authors: Bhooshan, B. S.
Format: Book
Language:English
Published: New Delhi : Heritage, [1979]
Subjects:

MARC

Tag First Indicator Second Indicator Subfields
LEADER 00000cam a2200000 i 4500
001 in00003448521
005 20151206103326.0
008 800124s1979 ii b b 00110 eng
010 |a  79904916  
040 |d UtOrBLW 
043 |a a------ 
082 0 |a 304.2/095 
090 |a HT147.A2  |b M57 
100 1 |a Misra, R. P.,  |d 1930- 
245 1 0 |a Human settlements in Asia :  |b public policies and programmes /  |c R. P. Misra, B. S. Bhooshan. 
264 1 |a New Delhi :  |b Heritage,  |c [1979] 
264 4 |c ©1979 
300 |a xvi, 280 pages :  |b maps ;  |c 23 cm. 
336 |a text  |b txt  |2 rdacontent 
337 |a unmediated  |b n  |2 rdamedia 
338 |a volume  |b nc  |2 rdacarrier 
504 |a Bibliography: pages [267]-273. 
500 |a Includes index. 
650 0 |a Cities and towns  |z Asia. 
650 0 |a City planning  |z Asia. 
650 0 |a Housing policy  |z Asia. 
650 0 |a Human settlements  |z Asia. 
700 1 |a Bhooshan, B. S. 
999 |a MARS 
999 f f |s ffa3e41b-75fc-3bbb-bdf0-6001dbf740ee  |i 2ed1730e-867d-3620-9ba7-d21df1c46e7c  |t 0 
952 f f |p ric  |a Texas A&M University  |b Rellis Campus  |c Joint Library Facility  |d Remote Storage  |t 0  |e HT147.A2 M57  |h Library of Congress classification  |i unmediated -- volume  |m 32060003419104 
998 f f |a HT147.A2 M57  |t 0  |l Remote Storage